000 00370nam a22001577a 4500
003 OSt
005 20211013085355.0
008 211013b |||||||| |||| 00| 0 eng d
040 _chu
082 _a303.4/ett
100 _aj,vanettinger
_913092
245 _atowerds ahabitable world
260 _anew york
_bhall
_c1960
300 _a303.4/ett
942 _2ddc
_cBOOKS
_n0
999 _c12191
_d12191